Normal view MARC view
  • Krotsch, Lucas

Entry Nombre Personal

Number of records used in: 1

001 - NUMERO DE CONTROL

  • campo de control: 54690

003 - IDENTIFICADOR DE NUMERO DE CONTROL

  • campo de control: MX-MxUPN

005 - FECHA Y HORA DE LA ÜLTIMA TRANSACCIÓN

  • campo de control: 20241119152735.0

008 - DATOS DE LONGITUD FIJA

  • campo de control de longitud fija: 241119|| acn||aabn | aaa d

040 ## - FUENTE DE CATALOGACIÓN

  • Agencia original de catalogación: MX-MxUPN
  • Lenguaje de catalogación: spa
  • Agencia de transcripción: MX-MxUPN

100 1# - ENCABEZAMIENTO - NOMBRE PERSONAL

  • Nombre personal: Krotsch, Lucas

371 ## - DIRECCIÓN

  • Electronic mail address: lkrotsch@gmail.com

372 ## - CAMPO DE ACTIVIDAD

  • Field of activity: Sociología de la educación

373 ## - GRUPO ASOCIADO

  • Fuente del término: naf
  • Associated group: Universidad Nacional de Lanús
  • Associated group: Universidad Nacional de Tres de Febrero
  • Associated group: Universidad de Buenos Aires. Instituto de Investigaciones en Ciencias de la Educación
  • Associated group: Universidad de Barcelona

374 ## - OCUPACIÓN

  • Occupation: Profesor universitario
  • Occupation: Investigador

377 ## - LENGUA ASOCIADA

  • Language code: spa

670 ## - FUENTE EN LA QUE SE LOCALIZARON DATOS

  • Cita de la fuente: Con ojos de joven : relaciones entre desigualdad, violencia y condición estudiantil, 2012 :
  • Información localizada: página 144 (Lucas Krostch. Es Profesor Adjunto Regular de la cátedra de Sociología de la Educación de la Universidad Nacional de Lanús. Dicta clases en las licenciaturas de Educación y de Gestión de la Educación así como en la Especialización en Educación con orientación en investigación. Se desempeña como Coordinador Técnico en el Programa Interuniversitario de Doctorado en Educación (Universidad Nacional de Lanús-Universidad Nacional de Tres de Febrero). Es investigador en el Instituto de Investigaciones en Ciencias de la Educación de la Facultad de Filosofía y Letras de la Universidad de Buenos Aires. Se doctoró en Ciencia Política en la Universidad de Barcelona Correo electrónico: lkrotsch@gmail.com.)

902 ## - CATALOGADOR

  • Catalogador: MaríaRobles/191124